Combined ultrasound methods of concrete testing /
Gespeichert in:
| 1. Verfasser: | |
|---|---|
| Weitere Verfasser: | |
| Format: | Buch |
| Sprache: | Englisch |
| Veröffentlicht: |
Amsterdam :
Elsevier,
1990
|
| Schriftenreihe: | Developments in civil engineering
Vol. 34 |
| ISBN: | 0444987444 |
| Online-Zugang: |
|
| Tags: |
Tag hinzufügen
Keine Tags, Fügen Sie den ersten Tag hinzu!
|
MARC
| LEADER | 00000nam a2200000 4500 | ||
|---|---|---|---|
| 003 | SK-BrCVT | ||
| 005 | 20220621133655.0 | ||
| 008 | 950703s1990 ne e ||||||eng d | ||
| 020 | |a 0444987444 | ||
| 035 | |a CVTIDW0881956 | ||
| 040 | |b slo |a CVTI SR | ||
| 041 | 0 | |a eng | |
| 044 | |a ne | ||
| 080 | |a 691.32:620.1 |2 UDC-MRF | ||
| 080 | |a 666.972:620.1 |2 UDC-MRF | ||
| 100 | 1 | |a Galan, Andrej |9 15229 | |
| 242 | 1 | 0 | |a Kombinované ultrazvukové metódy skúšania betónu |
| 245 | 1 | 0 | |a Combined ultrasound methods of concrete testing / |c Andrej Galan ; Transl. From The Slov. By J. Perlakiová |
| 260 | |a Amsterdam : |b Elsevier, |c 1990 | ||
| 300 | |a 22, 344 s. : |b grafy, lit., obr., tab. ; | ||
| 490 | 0 | |a Developments in civil engineering |v Vol. 34 | |
| 692 | |a JM MM | ||
| 700 | 1 | |a Perlakiová, J. | |
| 760 | 1 | |t Developments in civil engineering |g Vol. 34 | |
| 910 | |b A519743 | ||
| 919 | |a 0-444-98744-4 | ||
| 974 | |f Knihy | ||
| 992 | |a AMG | ||
| 999 | |c 30602 |d 30602 | ||

